000 00642nam a22002057a 4500
999 _c18894
_d18894
003 AR-CdUCM
008 190515b ||||| |||| 00| 0 spa d
040 _aMUNICIPALIDAD PROVINCIAL DEL CUSCO
_cBIBLIOTECA MUNICIPAL DEL CUSCO
082 _a621.313 /
_bR81
100 _aRosenberg, Robert
_939806
245 _aReparación de motores eléctricos /
260 _aBarcelona :
_bGustavo Gili,
_c1959.
300 _a291 paginas ;
_c23 cm.
505 _aContenido: t.1: Texto.
650 _aMotores eléctricos
_939807
650 _aMantenimiento
_925513
650 _aReparación.
_918247
942 _2ddc
_cLIBROS
945 _arjall
_d2019-05-15